| 000 | 00714nam a2200241 a 4500 | ||
|---|---|---|---|
| 001 | BRL_1658 | ||
| 005 | 20190320211318.0 | ||
| 008 | 220414s1988----mx-#######---#000-0#spa-# | ||
| 020 | _a9681630009 | ||
| 041 | _aspa | ||
| 044 | _amx | ||
| 050 | 4 |
_aSB191.M2 _b.W37 1988 |
|
| 100 | 1 |
_aWarman, Arturo _925864 |
|
| 245 | 1 | 0 |
_aLa historia de un bastardo _bmaíz y capitalismo _cArturo Warman. |
| 260 |
_aMéxico _bFondo de Cultura Económica : UNAM, Instituto de Investigaciones Sociales _c1988 |
||
| 300 |
_a279 p. _c23 cm. |
||
| 440 | 0 |
_aSección de obras de historia _927558 |
|
| 500 | _aAu1886 | ||
| 504 | _aBibliografía: p. 265-279 | ||
| 650 | 1 | 4 |
_aMaíz _xHistoria _927559 |
| 902 | _aGRL | ||
| 942 |
_2lcc _cB |
||
| 999 |
_c10467 _d10467 |
||